Normal view
MARC view
- البصري، أبي بكر محمد بن الحسن بن دريد الأزدي
Entry Personal Name
001 - CONTROL NUMBER
- control field: 38842
003 - CONTROL NUMBER IDENTIFIER
- control field: JO-AjAnu
005 - DATE AND TIME OF LATEST TRANSACTION
- control field: 20230606080450.0
008 - FIXED-LENGTH DATA ELEMENTS
- fixed length control field: 230606|| aca||aabn | a|a d
040 ## - CATALOGING SOURCE
- Original cataloging agency: JO-AjAnu
- Transcribing agency: JO-AjAnu
100 ## - HEADING--PERSONAL NAME
- Personal name: البصري، أبي بكر محمد بن الحسن بن دريد الأزدي
670 ## - SOURCE DATA FOUND
- Source citation: Work cat.: (JO-AjAnu)19921: البصري، أبي بكر محمد بن الحسن بن دريد الأزدي, author, المجتني لإمام اللغة والأدب أبي بكر محمد بن الحسن بن دريد الأزدي البصري